Možnosti pre budúcnosť

Generálny riaditeľ Poľnobanky, a.s. Ing. Ľudovít Pósa, CSc. hodnotí päťročnú činnosť peňažného ústavu so špecifickou orientáciou na agrosektor. Spolupráca s Európskou bankou pre obnovu a rozvoj.

Enregistré dans:
Détails bibliographiques
Auteur principal: Pósa, Ľ.
Autres auteurs: Herzogová, Emília
Format: Chapitre de livre
Langue:slovaque
Sujets:
Tags: Ajouter un tag
Pas de tags, Soyez le premier à ajouter un tag!

MARC

LEADER 00000naa a2200000 4500
001 r018236
005 20221213095805.5
041 0 |a slo 
044 |a SK 
245 1 0 |a Možnosti pre budúcnosť  |c Ľ. Pósa, Emília Herzogová 
520 |a Generálny riaditeľ Poľnobanky, a.s. Ing. Ľudovít Pósa, CSc. hodnotí päťročnú činnosť peňažného ústavu so špecifickou orientáciou na agrosektor. Spolupráca s Európskou bankou pre obnovu a rozvoj. 
610 2 0 |a Slovensko 
610 2 0 |a 1990-1995 
610 2 0 |a bankovníctvo 
610 2 0 |a banky 
610 2 0 |a Slovenská poľnohospodárska banka, a.s. Bratislava 
610 2 0 |a Poľnobanka, a.s. Bratislava 
610 2 0 |a Európska banka pre obnovu a rozvoj 
100 1 |a Pósa, Ľ. 
700 1 |a Herzogová, Emília